000 00968nas a22002417a 4500
999 _c121082
_d121082
001 K121082
007 ta
008 190809b2019 ||||| |||| 00| 0 eng d
041 _aeng
100 _aMiles, John
245 _aFlue remedies
490 _aRICS Property Journal
_vJuly/August 2019, 14-16(3)
520 _aAdvises that modifications to chimneys and flues must be carried out carefully to ensure they maintain their load-bearing strength and performance. Notes that chimneys are exposed to the full force any adverse weather such as rain, frost or snow and offers advice on chimney removal works. Useful diagrams.
650 _aBUILDING REGULATIONS
650 _aCHIMNEYS
650 _aFLUES
650 _aDAMP
651 _aUnited Kingdom 1973
690 _96225
_aBuilding surveying
690 _96223
_aBuilding materials & defects
690 _96222
_aBuilding control
856 _uhttps://issuu.com/ricsmodus/docs/property_journal_july-aug_2019/34